Knowledge Spillovers From Universities: The Applicability of Knowledge Production Function

Vedomostná produkčná funkcia (Griliches-Jaffe) - obmedzenia a možnosti zlepšenia. Modelovanie priestorových interakcií. Zástupná rola patentov.

Saved in:
Bibliographic Details
Main Author: Špurek, Miroslav, 1992-
Other Authors: Rehák, Štefan, 1974-
Format: Book Chapter
Language:English
Subjects:
Tags: Add Tag
No Tags, Be the first to tag this record!

MARC

LEADER 00000naa$a2200000$$$4500
001 0250312
005 20240502074018.1
041 0 |a eng 
044 |a SK 
245 1 0 |a Knowledge Spillovers From Universities: The Applicability of Knowledge Production Function  |c Miroslav Špurek, Štefan Rehák 
520 |a Vedomostná produkčná funkcia (Griliches-Jaffe) - obmedzenia a možnosti zlepšenia. Modelovanie priestorových interakcií. Zástupná rola patentov. 
610 2 0 |a ekonomika regionálna 
610 2 0 |a regióny 
610 2 0 |a spillover 
610 2 0 |a vedomosti 
610 2 0 |a ekonomika znalostná 
610 2 0 |a ekonomika vedomostná 
610 2 0 |a inovácia 
610 2 0 |a patenty 
610 2 0 |a výskum 
610 2 0 |a funkcie produkčné 
610 2 0 |a univerzity 
100 1 |a Špurek, Miroslav, 1992- 
700 1 |a Rehák, Štefan, 1974-